书目信息 |
| 题名: |
元宇宙与碳中和
|
|
| 作者: | 熊焰 , 王彬 , 邢杰 著 | |
| 分册: | ||
| 出版信息: | 北京 中译出版社 2022.07 |
|
| 页数: | 24, 11, 389页 | |
| 开本: | 23cm | |
| 丛书名: | ||
| 单 册: | ||
| 中图分类: | F49 , F49 | |
| 科图分类: | ||
| 主题词: | 信息经济--xin xi jing ji--研究 , 二氧化碳--er yang hua tan--排污交易--研究 | |
| 电子资源: | ||
| ISBN: | 978-7-5001-6986-4 | |
| 000 | 00994nam0 2200277 450 | |
| 001 | 011025153418 | |
| 005 | 20221025153418.0 | |
| 010 | @a978-7-5001-6986-4@dCNY78.00 | |
| 100 | @a20201004d2022 em y0chiy0110 ea | |
| 101 | 0 | @achi |
| 102 | @aCN@b110000 | |
| 105 | @aa z 000yy | |
| 106 | @ar | |
| 200 | 1 | @a元宇宙与碳中和@Ayuan yu zhou yu tan zhong he@f熊焰, 王彬, 邢杰著 |
| 210 | @a北京@c中译出版社@d2022.07 | |
| 215 | @a24, 11, 389页@c图@d23cm | |
| 300 | @a独角兽元宇宙三十人论坛 | |
| 330 | @a本书围绕元宇宙、碳中和等热议话题进行深入分析。作者结合当下热议的碳中和战略,从碳中和的角度介绍元宇宙的融合发展及产业元宇宙的新赛道,为读者了解未来“元宇宙世界”的多元化结合提供了思路和丰富的想象空间。 | |
| 606 | 0 | @a信息经济@Axin xi jing ji@x研究 |
| 606 | 0 | @a二氧化碳@Aer yang hua tan@x排污交易@x研究 |
| 690 | @aF49@v5 | |
| 690 | @aF49@v5 | |
| 701 | 0 | @a熊焰@Axiong yan@4著 |
| 701 | 0 | @a王彬@Awang bin@4著 |
| 701 | 0 | @a邢杰@Axing jie@4著 |
| 905 | @a河南城建学院图书馆@dF49@eX652 | |
| 元宇宙与碳中和/熊焰, 王彬, 邢杰著.-北京:中译出版社,2022.07 |
| 24, 11, 389页:图;23cm |
| 独角兽元宇宙三十人论坛 |
| ISBN 978-7-5001-6986-4:CNY78.00 |
| 本书围绕元宇宙、碳中和等热议话题进行深入分析。作者结合当下热议的碳中和战略,从碳中和的角度介绍元宇宙的融合发展及产业元宇宙的新赛道,为读者了解未来“元宇宙世界”的多元化结合提供了思路和丰富的想象空间。 |
| ● |
| 相关链接 |
|
|
|
正题名:元宇宙与碳中和
索取号:F49/X652
 
预约/预借
| 序号 | 登录号 | 条形码 | 馆藏地/架位号 | 状态 | 备注 |
| 1 | 1587997 | 215879976 | 社科库409/409社科库 37排5列3层/ [索取号:F49/X652] | 在馆 | |
| 2 | 1587998 | 215879985 | 社科库409/409社科库 37排5列2层/ [索取号:F49/X652] | 在馆 |